• 首页
  • 本馆介绍
  • 公告通知
  • 最新文献
  • 馆藏检索
  • 电子资源
  • 读者导购
  • 参考咨询
  • 我的图书馆
  • 登录
  • 详细信息显示
  • 放入我的书架
  • 预约/预借图书
  • 作者相关作品
  • 分类相关作品
  • 丛书相关作品
  • 出版社相关作品

书目信息

  • 表格格式
  • 工作单格式
  • 卡片格式
题名:
分子杂交理论与技术
    
 
作者: 王廷华 , 刘进 , 梅洛 主编
分册:  
出版信息: 北京   科学出版社  2013
页数: 230页
开本: 26cm
丛书名:
单 册:
中图分类: Q781
科图分类:
主题词: 分子杂交
电子资源:
ISBN: 978-7-03-037968-9
000 01123nam0 2200277 450
001 0102933089
005 20131024160407.0
010    @a978-7-03-037968-9@dCNY58.00
100    @a20130809d2013 em y0chiy0120 ea
101 0  @achi
102    @aCN@b110000
105    @aa z 000yy
106    @ar
200 1  @a分子杂交理论与技术@9Fen Zi Za Jiao Li Lun Yu Ji Shu;Zhu @f王廷华,刘进,Jean Philippe Merlio主编@b专著
205    @a3版
210    @a北京@c科学出版社@d2013
215    @a230页@c图@d26cm
300    @a21世纪生物技术系列
330    @a本书系统地介绍了分子杂交的基本理论,对地高辛原位杂交技术、荧光原位杂交技术、抑制消减杂交、辐射性杂交、反义核酸分子杂交、基因芯片理论与进展作了详细阐述;对Southern印迹杂交、Northern印迹杂交、Western印迹杂交、cRNA探针原位杂交等,以及最新较为热门的蛋白芯片杂交技术进行了详细描述,并给出了具体的实例分析。
606 0  @a分子杂交
690    @aQ781@v5
701  0 @a王廷华@f(1966~)@9wang ting hua@4主编
701  0 @a刘进@c(麻醉医学)@9liu jin@4主编
701  0 @c(法)@a梅洛@c(Merlio, Jean Philippe)@4主编@9mei luo
801  0 @aCN@bZL@c20130719
905    @aBZT@dQ781@e1@f2@sQ781/1
    
    分子杂交理论与技术/王廷华,刘进,Jean Philippe Merlio主编.-3版.-北京:科学出版社,2013
    230页:图;26cm
    21世纪生物技术系列
    
    ISBN 978-7-03-037968-9:CNY58.00
    本书系统地介绍了分子杂交的基本理论,对地高辛原位杂交技术、荧光原位杂交技术、抑制消减杂交、辐射性杂交、反义核酸分子杂交、基因芯片理论与进展作了详细阐述;对Southern印迹杂交、Northern印迹杂交、Western印迹杂交、cRNA探针原位杂交等,以及最新较为热门的蛋白芯片杂交技术进行了详细描述,并给出了具体的实例分析。
●
相关链接 在五车中查询图书 在当当中查询图书 在豆瓣中查询图书


正题名:分子杂交理论与技术     索取号:Q781/1         预约/预借

序号 登录号 条形码 馆藏地/架位号 状态 备注
1 2000025976   2000025976   旧书回溯/ [索取号:Q781/1] 在馆    
2 2000025977   2000025977   旧书回溯/ [索取号:Q781/1] 在馆    
山东省滨州职业学院图书馆 欢迎您!
大连网信软件有限公司© 版权所有